[Event "GBR-ch"]
[Site "Scarborough"]
[Date "2001.08.09"]
[Round "10"]
[White "Williams, Simon K"]
[Black "Summerscale, Aaron"]
[Result "0-1"]
[WhiteElo "2369"]
[BlackElo "2510"]
[Annotator "Martin,A"]
[PlyCount "82"]
[EventDate "2001.07.30"]

1. c4 {Notes by IM Andrew Martin} 1... c6 2. Nc3 d5 3. d4 Nf6 4. Nf3 e6 5. Bf4
dxc4 6. a4 Bb4 7. Qc2 b5 8. e4 ({RR} 8. g4 Bb7 9. g5 Nd5 10. Bd2 Nxc3 11. Bxc3
Bxc3+ 12. Qxc3 Nd7 13. d5 exd5 14. axb5 cxb5 15. Qxg7 Rf8 16. Nd4 Qe7 17. Nf5
Qb4+ 18. Qc3 Qxc3+ 19. bxc3 Kd8 20. Bg2 Kc7 21. Nd4 Kb6 22. Kd2 Nc5 {
Wright,N-Chambers,M/Suncoast 1999/CBM 68 ext/0-1 (37)}) 8... Bb7 9. e5 $146 ({
RR} 9. Be2 O-O 10. O-O a6 11. Na2 Be7 12. Nc3 Nbd7 13. Rfd1 Re8 14. d5 exd5 15.
exd5 Nxd5 16. Ne5 Nxe5 17. Bxe5 Bf6 18. Bg3 Qb6 19. a5 Qd8 20. Ne4 Be5 21. f4
Ne3 22. Rxd8 Nxc2 23. Rxa8 Bd4+ {
Rauanheimo,M-Aho,T/Helsinki 1994/EXT 2000/1-0 (44)}) 9... Nd5 10. Bd2 a6 11. h4
Nd7 12. Ne4 Be7 13. b3 Nb4 14. Qb1 cxb3 15. Qxb3 c5 16. Nxc5 Nxc5 17. dxc5 Bxf3
18. gxf3 Qd4 19. Rc1 Nd5 20. Qd3 Qxa4 21. Rg1 h5 22. Rxg7 Qxh4 23. f4 Bf8 24.
Rh7 Rxh7 25. Qxh7 Rc8 26. c6 Nxf4 27. Qe4 Ng6 28. Qe3 Bb4 29. Bg2 Bxd2+ 30.
Qxd2 Nxe5 31. Kf1 Qd8 32. Qh6 Qd3+ 33. Kg1 Ng6 34. c7 Qd6 35. Rc6 Qf4 36. Rxe6+
fxe6 37. Qxg6+ Kd7 38. Qg7+ Kd6 39. Qc3 Rxc7 40. Qd3+ Kc5 41. Qc3+ Kb6 0-1

[Event "GBR-ch"]
[Site "Scarborough"]
[Date "2001.08.09"]
[Round "10"]
[White "Pert, Nicholas"]
[Black "Lane, Gary"]
[Result "1-0"]
[WhiteElo "2475"]
[BlackElo "2456"]
[Annotator "Martin,A"]
[PlyCount "41"]
[EventDate "2001.07.30"]

1. d4 {Notes by IM Andrew Martin} 1... Nf6 2. c4 g6 3. g3 Bg7 4. Bg2 O-O 5. Nc3
d6 6. e3 Nbd7 7. Nge2 e5 8. b3 Re8 9. h3 h5 10. Bb2 ({RR} 10. a4 a5 11. Ra2 Nf8
12. Rd2 e4 13. Qc2 Qe7 14. Nf4 c6 15. d5 c5 16. Bb2 Bf5 17. Nb5 Qd7 18. Bc3
N6h7 19. Kd1 Ng5 20. Kc1 Nfh7 21. Kb2 Be5 22. Ka2 Nf6 23. Rdd1 b6 24. Qb2 Rad8
25. Ka3 Kg7 26. Ka2 Bxc3 27. Nxc3 Qe7 28. Rde1 Qe5 29. Ka3 Nd7 30. Reg1 Kg8 31.
g4 hxg4 32. hxg4 Bxg4 33. Bxe4 Nxe4 {
1/2-1/2 Marjanovic,S-Istratescu,A/Bucharest 1998/EXT 2000 (33)}) ({RR} 10. O-O
e4 11. Qc2 Qe7 12. a4 Nf8 13. d5 N8h7 14. Nd4 h4 15. gxh4 a6 16. Bb2 Nh5 17.
Qxe4 Qd8 18. Qc2 Qxh4 19. Nf3 Qe7 20. Rae1 Ng5 21. Nxg5 Qxg5 22. f4 Qh4 23. Qf2
Ng3 24. Ne2 Bxh3 25. Bxh3 Nxe2+ 26. Rxe2 Qxh3 27. Qf3 Qxf3 28. Rxf3 Bxb2 29.
Rxb2 a5 30. Rh2 Re4 31. Rfh3 Kg7 32. Kf2 Rae8 33. Rf3 Kf6 34. Ke2 c6 35. dxc6
bxc6 36. Kd3 d5 37. cxd5 cxd5 38. Rc2 Rb8 39. Rc6+ {
1/2-1/2 Harp,J-Rippis,T/Canberra 1999/CBM 69 ext (39)}) 10... exd4 $146 ({RR} 
10... c6 11. Qc2 exd4 12. Nxd4 Nc5 13. O-O a5 14. Rad1 Qb6 15. Ba3 Bd7 16. Rfe1
Re7 17. Na4 Qa7 18. e4 Rae8 19. Nxc5 dxc5 20. Ne2 b6 21. f3 h4 22. g4 g5 23.
Bc1 Nh7 24. f4 Qc7 25. Kh1 gxf4 26. Nxf4 Bd4 27. Nh5 f5 28. gxf5 Bxf5 29. Rg1 {
1-0 Giardelli,S-Garcia,R/Martinez Valle 1993/EXT 98 (29)}) 11. Nxd4 Nc5 12. Qc2
h4 13. Nce2 a5 14. g4 Qe7 15. Nf3 Nxg4 {
 he didn't need to get carried away. After} (15... Qe4 $1 {
Black has good chances eg} 16. Qxe4 (16. O-O-O Qxc2+ 17. Kxc2 Nfe4 (17... a4
18. b4 Nce4 19. Rhf1 Be6 $36) 18. Bxg7 Kxg7 19. Rhf1 Be6 $15) 16... Nfxe4 17.
Bxg7 Nd3+ 18. Kf1 Kxg7 $17) 16. Bxg7 Nxf2 17. Bh6 Bf5 18. Qc3 Ncd3+ 19. Kf1 f6
20. Nxh4 Be4 21. Rg1 1-0

[Event "GBR-ch"]
[Site "Scarborough"]
[Date "2001.08.09"]
[Round "10"]
[White "Buckley, Simon"]
[Black "Turner, Matthew J"]
[Result "0-1"]
[WhiteElo "2268"]
[BlackElo "2511"]
[Annotator "Martin,A"]
[PlyCount "100"]
[EventDate "2001.07.30"]

1. e4 {Notes by IM Andrew Martin} 1... Nf6 2. e5 Nd5 3. d4 d6 4. c4 Nb6 5. exd6
exd6 6. Nc3 Be7 7. Be2 O-O 8. h3 Bf5 9. Nf3 Nc6 10. O-O Re8 11. b3 Bf6 12. Be3
$146 ({RR} 12. Bb2 d5 13. c5 Nc8 14. Re1 g6 15. a3 Bg7 16. b4 a6 17. Nb1 Be4
18. Nbd2 N8e7 19. Nb3 h6 20. Qd2 g5 21. a4 Ng6 22. b5 Nce7 23. Nh2 Nf4 24. Bf1
c6 25. Bc3 Qd7 26. f3 Bg6 {
Milavsky,M-Lurie,M/Petah Tiqwa 1996/CBM 55 ext/0-1 (49)}) 12... d5 13. c5 Nc8
14. a3 Be4 15. b4 a6 16. Ra2 N8e7 17. g4 h6 18. Rd2 Bh7 19. Qb3 Qd7 20. a4 a5
21. b5 Nb4 22. Na2 Nxa2 23. Qxa2 g5 24. Bd3 Bxd3 25. Rxd3 Ng6 26. Qd2 Re4 27.
Ne1 b6 28. f3 Re6 29. Ng2 Rae8 30. h4 gxh4 31. c6 Qe7 32. Kh2 Qd6+ 33. Bf4 Qd8
34. Be3 Qd6+ 35. Bf4 Nxf4 36. Qxf4 Qe7 37. Qf5 Re2 38. Kh3 Bg5 39. f4 Bf6 40.
Qxd5 Rd8 41. Qf3 Rxd4 42. Rxd4 Bxd4 43. Rd1 Rf2 44. Qd3 Bf6 45. Re1 Qb4 46. Qe3
Qb2 47. g5 hxg5 48. fxg5 Bd4 $1 { 
 Turner has this chaotic position under control} 49. Qe4 (49. Qe8+
Kg7 50. Nxh4 Rf4 $1 $19) 49... Rxg2 50. Qxg2 Qc3+ 0-1

[Event "GBR-ch"]
[Site "Scarborough"]
[Date "2001.08.09"]
[Round "10"]
[White "Ward, Chris G"]
[Black "Hebden, Mark"]
[Result "0-1"]
[WhiteElo "2493"]
[BlackElo "2550"]
[Annotator "Martin,A (game of the day)"]
[PlyCount "80"]
[EventDate "2001.07.30"]

1. d4 {Notes by IM Andrew Martin} 1... Nf6 2. c4 g6 3. Nc3 Bg7 4. e4 d6 5. f3
O-O 6. Nge2 a6 7. Be3 c6 8. c5 b5 9. cxd6 exd6 10. Nc1 { It's true that
White has the more solid structure but he needs a few moves to unravel and
consolidate. Thus Hebden keeps Ward on the hop with intelligent,active play.} (
{RR} 10. Qd2 Nbd7 11. g4 h5 12. g5 Nh7 13. Bg2 Bb7 14. Rc1 Re8 15. b3 Qe7 16.
O-O Rad8 17. Rfe1 c5 18. d5 Ne5 19. Nd1 b4 20. h3 a5 21. f4 Nd7 22. h4 a4 23.
Nf2 axb3 24. axb3 Ra8 {
Bischoff,K-Koscielski,J/Recklinghausen 1999/EXT 2000/1-0 (45)}) 10... Nbd7 11.
Be2 $146 ({RR} 11. Nb3 Re8 12. Be2 Bb7 13. O-O Rc8 14. a4 $1 { I very much
like this way of playing, disjointing the Black queenside pawns. Observe the
difference between this and the main game. } 14... b4 15. Nb1 c5 16. dxc5
Nxc5 17. Nxc5 dxc5 18. Qxd8 Rexd8 19. Nd2 Ne8 20. Rab1 Nd6 21. Rfc1 f5 22. Bg5
Re8 23. Bf4 Nf7 24. Bc4 fxe4 25. Nxe4 Rxe4 {
Khenkin,I-Kyhle,B/Stockholm 1991/EXT 98/1-0 (40)}) 11... Re8 12. Qd2 c5 $1 {
 Very good. White never got round to playing a2-a4.} 13. dxc5 Nxc5 14. O-O
Bb7 15. b4 $5 Ne6 $5 {
 A big moment passes. Obviously Hebden gave serious consideration to} (15...
Nfxe4 $5 {
but rejected the idea. Whether he should have done is another matter.

} 16.
fxe4 Nxe4 17. Nxe4 Bxa1 18. Nc3 (18. Ng3 Rc8 19. Bd4 Bxd4+ 20. Qxd4 Rc2) 18...
Rc8 19. Bd4 Qe7 { It would not be easy to assess this position from a long
way off however Black's activity is dangerous.} 20. Bd3 (20. Qh6 f5) 20... Bxc3
21. Bxc3 Qe3+ 22. Qxe3 Rxe3 23. Bd4 $13) 16. Nb3 Rc8 17. Rac1 {Normal service
has been resumed. Hebden seeks freedom with ...d6-d5, Ward wants to settle
down with his better structure.} 17... d5 $1 $132 18. Nxd5 (18. e5 Nd7 19. f4
Nb6 $1 $132) 18... Bxd5 19. Rxc8 Qxc8 20. exd5 Rd8 21. Rc1 {He definitiely
shows an inclination to avoid complications relying on the latent strength of
the two Bishops. But Hebden keeps the game on the boil with some wonderful
dynamic play and Ward is unable to gain control.} (21. d6 Ne8 22. Rc1 Qd7 23.
Bb6 $1 Rb8 24. Bc5 Be5 25. Rd1 Rd8 $13) 21... Qb8 22. Na5 Rxd5 23. Qc3 Qf8 $1 {
 A great move,eyeing b4 and allowing the Queens to be retained.} 24. Qc8
Rd8 25. Qxa6 Nd5 $1 26. Bf2 Nd4 $3 {
 This is really the move of the game,rejecting} (26... Nxb4 27. Qxb5 Nxa2
28. Rc2 Nc3 $36 {which was also pretty good,although there White gets his
Queen back in. The beauty of ...Nd4 is that the White Queen is left
stranded, an onlooker as Hebden builds up a ferocious initiative. In
general,when battling with two Knights against two Bishops, the Knights should
be kept as central and as aggressive as possible. Let Hebden demonstrate.}) 27.
Bf1 Nf4 $1 28. Kh1 {It would take a brave man to enter the position after} (28.
Re1 Nh3+ 29. gxh3 Nxf3+ 30. Kg2 Nxe1+ 31. Bxe1 { but maybe Ward had to risk
it. White tries to hold on but he really is playing with fire .}) 28... Qxb4
29. Rc8 Rf8 30. Rxf8+ Bxf8 31. Nb3 Nxb3 32. axb3 Qd2 $1 {Excellent ! } (32...
Qxb3 33. Qxb5 {naturally leads to a draw.}) 33. Bg1 {Maybe} (33. Qb6 {
just to get the lady back into the game.} 33... Nd3 34. Bxd3 Qxd3 35. Qe3 Qf1+
36. Bg1 h5 $17 {
 White's worse, but not yet lost.}) 33... b4 34. Qc4 Ne6
35. Qd3 Qc3 36. Be3 Bc5 $1 {
 and with time-trouble rearing its ugly head Chris Ward goes under.} 37.
Bd2 Qb2 38. Qd5 (38. h3 Bd4 39. Kh2 Be5+ 40. Kh1 Bc3 $17) 38... h5 39. g3 Bd4
40. Be1 Qc1 0-1

[Event "GBR-ch"]
[Site "Scarborough"]
[Date "2001.08.10"]
[Round "11"]
[White "Hodgson, Julian M"]
[Black "Wells, Peter"]
[Result "1/2-1/2"]
[WhiteElo "2581"]
[BlackElo "2510"]
[Annotator "Martin,A"]
[PlyCount "85"]
[EventDate "2001.07.30"]

1. d4 {Notes by IM Andrew Martin} 1... d5 2. Bg5 h6 3. Bh4 c5 4. dxc5 Nc6 ({RR
} 4... Qa5+ 5. Nc3 Qb4 6. Nf3 g5 7. a3 Qxc5 8. Qxd5 Qb6 9. Na4 Qc6 10. Qxc6+
Nxc6 11. Bg3 Bg7 12. e3 g4 13. Nd2 h5 14. h4 gxh3 15. gxh3 h4 16. Bf4 e5 17.
Bh2 Nge7 18. Ne4 Nf5 19. Rg1 {
Senoner,E-Burmakin,V/Oberwart 1999/EXT 2000/1/2-1/2 (44)}) ({RR} 4... g5 5. Bg3
Bg7 6. c3 Nf6 7. Nd2 a5 8. e3 O-O 9. h4 g4 10. Ne2 Na6 11. Be5 Nxc5 12. Ng3
Ncd7 13. Bxf6 Nxf6 14. a4 e5 15. Bb5 Be6 16. Nb3 b6 17. Qc2 Ne4 18. Nxe4 dxe4
19. Nd2 {Hodgson,J-Rahman,Z/London 1991/TD/1-0 (37)}) 5. c3 g5 6. Bg3 Nf6 7.
Nd2 $146 ({RR} 7. e3 Ne4 8. Nd2 Nxc5 9. Ngf3 Bg7 10. h4 g4 11. Nd4 e5 12. N4b3
Ne4 13. Nxe4 dxe4 14. Qc2 f5 15. Bc4 Qe7 16. O-O-O Be6 17. Bxe6 Qxe6 18. Kb1 b6
19. f3 gxf3 20. gxf3 exf3 21. Rhf1 O-O {
Kosic,D-Gligoric,S/Niksic 1997/CBM 59 ext/1-0 (58)}) 7... d4 8. cxd4 Qxd4 9.
Qc1 Nd7 10. Ngf3 Qxc5 11. Qxc5 Nxc5 12. Rc1 Nd7 13. e3 Bg7 14. Bb5 O-O 15. Bxc6
bxc6 16. b3 Ba6 17. h4 g4 18. Nd4 Bxd4 19. exd4 Rac8 20. b4 f5 21. Bf4 Rfe8 22.
Nc4 Bxc4 23. Rxc4 e5 24. Bxh6 exd4+ 25. Kd1 c5 26. Bg5 a5 27. bxc5 Nxc5 28. f3
gxf3 29. gxf3 Nd3 30. Rxc8 Rxc8 31. Ke2 Ne5 32. f4 $2 d3+ 33. Ke3 Ng4+ 34. Kf3
Rc2 35. Rd1 Rf2+ $138 (35... Nf2 $1 36. Rg1 (36. Rb1 d2) 36... d2 $18 {
 Yes , it was that close !}) 36. Kg3 d2 37. Bd8 Re2 38. Bxa5 Re3+ 39.
Kg2 Ra3 40. Bxd2 Rxa2 41. Kf3 Ra3+ 42. Ke2 Rh3 43. Be1 1/2-1/2

[Event "GBR-ch"]
[Site "Scarborough"]
[Date "2001.08.10"]
[Round "11"]
[White "Hebden, Mark"]
[Black "Summerscale, Aaron"]
[Result "1/2-1/2"]
[WhiteElo "2550"]
[BlackElo "2510"]
[Annotator "Martin,A"]
[PlyCount "93"]
[EventDate "2001.07.30"]

1. e4 {Notes by IM Andrew Martin} 1... c5 2. Nc3 Nc6 3. Nf3 g6 4. d4 cxd4 5.
Nxd4 Bg7 6. Be3 d6 7. Bc4 Nf6 8. h3 O-O 9. Bb3 Bd7 10. O-O a6 11. Re1 b5 12.
Nd5 ({RR} 12. a3 Rc8 13. Qd2 Na5 14. Bh6 Nc4 15. Bxc4 Rxc4 16. Bxg7 Kxg7 17.
Rad1 Qb8 18. Nd5 e5 19. Nxf6 Kxf6 20. Nf3 Be6 21. c3 Ke7 22. Ng5 f6 23. Nxe6
Kxe6 24. f4 Qb6+ 25. Kh1 Qc6 26. Qe3 Re8 {
Gayson,P-Beaumont,C/Wakefield 1999/CBM 71 ext/0-1 (63)}) 12... Re8 ({RR} 12...
Na5 13. Qd3 Rc8 14. Rad1 Nc4 15. Bc1 Re8 16. c3 Rc5 {
1/2-1/2 Chandler,M-Watson,W/Blackpool 1988/TD (16)}) 13. c3 $146 ({RR} 13. a4
bxa4 14. Bxa4 Nxd5 15. exd5 Ne5 16. b3 Qc7 17. Qd2 Qb7 18. Bxd7 Nxd7 19. Qa5
Rac8 20. Ra2 Rc5 21. Qxa6 Qxd5 22. c4 Qe4 23. Nf3 Rcc8 24. Bd4 Qd3 25. Rd2 Qxb3
26. Rxe7 Nc5 27. Bxc5 dxc5 {Hebden,M-Watson,W/London 1989/EXT 97/1-0 (40)})
13... Rc8 14. Nxc6 Bxc6 15. Bb6 Qd7 16. Bd4 Qb7 17. Qf3 Bxd5 18. exd5 Nd7 19.
Rad1 Ne5 20. Qf4 Nc4 21. Bxg7 Kxg7 22. Rd4 $1 Rc5 (22... Nxb2 $2 23. Rb1 $18)
23. Re2 Rec8 24. h4 Rxd5 25. Rxd5 Qxd5 26. Rxe7 h5 27. Kh2 Rc5 28. f3 Qf5 29.
Qxf5 Rxf5 30. Bxc4 bxc4 31. Rc7 Rb5 32. Rxc4 Rxb2 33. Ra4 Rc2 34. Rxa6 Rxc3 35.
Rxd6 Ra3 36. Rd2 Kf6 37. Kg3 Kf5 38. Kf2 Ra4 $1 {
White cannot make any progress.} 39. g3 Ra3 40. Re2 Kf6 41. Kf1 Kf5 42. Kg2 Ra7
43. Kh3 Ra3 44. Rf2 Rc3 45. Rf1 Ra3 46. Ra1 f6 47. f4 1/2-1/2

[Event "GBR-ch"]
[Site "Scarborough"]
[Date "2001.08.10"]
[Round "11"]
[White "Gormally, Daniel"]
[Black "Chandler, Murray"]
[Result "1-0"]
[WhiteElo "2481"]
[BlackElo "2540"]
[Annotator "Martin,A"]
[PlyCount "87"]
[EventDate "2001.07.30"]

1. e4 {Notes by IM Andrew Martin} 1... c5 2. Nf3 d6 3. d4 cxd4 4. Nxd4 Nf6 5.
Nc3 Nc6 6. Bc4 Qb6 7. Nb3 e6 8. Bf4 Ne5 9. Be2 a6 10. Bg3 ({RR} 10. Be3 Qc7 11.
f4 Nc4 12. Bxc4 Qxc4 13. Qf3 Be7 14. O-O-O Bd7 15. g4 Bc6 16. Rd4 Bxe4 17. Nxe4
Qc7 18. Nc3 Rc8 19. Kb1 d5 20. Rc1 O-O 21. g5 Nd7 22. f5 Ne5 23. Qh3 Qd7 24.
Rh4 exf5 25. Rxh7 Ng6 26. Bd4 f6 27. Qh5 Qe8 28. Nxd5 {
1-0 San Martin,E-Rios,A/Santiago 1999/EXT 2000 (28)}) 10... h5 11. f3 $146 ({RR
} 11. h3 Qc7 ({RR} 11... h4 12. Bh2 Bd7 13. f4 Ng6 14. Qd2 Bc6 15. Bf3 Be7 16.
O-O-O O-O 17. g4 hxg3 18. Bxg3 Rfd8 19. Qe2 Bb5 20. Qe1 Bc4 21. Rg1 Rac8 22.
Rd2 d5 23. e5 Bxb3 24. exf6 Bxf6 25. axb3 Rxc3 26. bxc3 Bxc3 27. Rgg2 Qb4 28.
Kd1 Rc8 29. Qe3 Ne7 30. Bg4 d4 31. Qe4 Nd5 32. Bxe6 Ne3+ 33. Ke2 Re8 34. f5
Nxg2 35. Qxg2 fxe6 36. f6 Qb5+ 37. Kd1 Qh5+ 38. Re2 Qg6 39. Qf3 Qxf6 {
0-1 Villavicencio,A-Garcia Ilundain,D/Las Palmas 1993/EXT 98 (39)}) 12. a4 ({RR
} 12. f4 Nc4 13. Bxc4 Qxc4 14. Qf3 h4 15. Bh2 Bd7 16. O-O-O Rc8 17. Rhe1 b5 18.
Qf2 Qc7 19. e5 b4 20. Rd3 dxe5 21. fxe5 bxc3 22. Rxc3 Qxc3 23. bxc3 Ba3+ 24.
Kd2 Nd5 25. Re4 Rxc3 26. Rg4 O-O 27. Qxh4 Rfc8 28. Nd4 Bb4 29. Ke2 Bb5+ 30.
Nxb5 Rxc2+ 31. Kf3 axb5 32. Rxb4 Nxb4 33. Qxb4 R8c3+ {
0-1 Ivanchuk,V-Kramnik,V/Linares 1993/CBM 34/[Kramnik] (33)}) 12... Bd7 13. O-O
h4 14. Bf4 Be7 15. Bg5 Nc4 16. Bxc4 Qxc4 17. Bxf6 gxf6 18. Re1 O-O-O 19. Qd3
Qxd3 20. cxd3 Kb8 21. Nd2 Rh5 22. Ne2 f5 23. Nf4 Rh6 24. Nf3 fxe4 25. dxe4 Rc8
{Vouldis,A-Kotronias,V/Panormo 1998/CBM 67 ext/0-1 (63)}) 11... Bd7 12. Bf2 Qc7
13. Qd4 Be7 14. O-O-O Rc8 15. Qb6 Qxb6 16. Bxb6 $14 Rc6 (16... Bc6 17. Na5 Ned7
18. Nxc6 Rxc6 19. Bf2 O-O) 17. Bd4 Bd8 18. f4 Ng6 19. g3 e5 20. Be3 Bg4 21.
Rhe1 O-O 22. f5 Ne7 23. Bg5 Bxe2 24. Rxe2 Nc8 25. Bxf6 Bxf6 26. Na5 $1 Rc7 27.
Nd5 $16 {Excellent play from Gormally. } 27... Bg5+ 28. Kb1 Rd7 29. Nc4 Bd8 (
29... b5 30. Na5 Bd8 31. Nc6 Bb6 32. Red2 $16) 30. a4 b5 31. axb5 axb5 32. Nce3
Na7 33. g4 hxg4 34. f6 g6 35. Nxg4 Kh7 36. Rd3 Rh8 37. Rh3+ Kg8 38. Nh6+ Kf8
39. Ree3 Nc6 40. Rc3 Nd4 41. Nf5 Rg8 42. Nxd4 exd4 43. Rc8 g5 44. Ra3 1-0

[Event "GBR-ch"]
[Site "Scarborough"]
[Date "2001.08.10"]
[Round "11"]
[White "Rowson, Jonathan"]
[Black "Pert, Richard"]
[Result "1-0"]
[WhiteElo "2514"]
[BlackElo "2245"]
[Annotator "Martin,A"]
[PlyCount "55"]
[EventDate "2001.07.30"]

1. d4 {Notes by IM Andrew Martin} 1... d5 2. c4 c6 3. Nf3 Nf6 4. e3 e6 5. Nc3
Nbd7 6. Qc2 Bd6 7. g4 Bb4 8. Bd2 b6 ({RR} 8... Qe7 9. a3 Bxc3 10. Bxc3 b6 11.
Bd3 Ba6 12. Qa4 dxc4 13. Qxa6 cxd3 14. Qxd3 O-O 15. g5 Nd5 16. Bd2 f5 17. O-O-O
c5 18. Kb1 b5 19. Qxb5 Rab8 20. Qa5 Rb3 21. Ka2 Rfb8 22. Rb1 e5 23. Rhc1 Qe6
24. Ka1 exd4 25. Rxc5 Nxc5 26. Qxc5 Nc3 27. Nxd4 Rxb2 28. Rxb2 Qa2+ {
0-1 Gelfand,B-Kramnik,V/Berlin 1996/CBM 55/[Lutz] (28)}) ({RR} 8... Bxc3 9.
Bxc3 b6 10. cxd5 exd5 11. Bd3 h6 12. O-O-O c5 13. g5 hxg5 14. Nxg5 c4 15. Bg6
O-O 16. Bh7+ Kh8 17. Bb4 a5 18. Bxf8 Qxf8 19. Rhg1 c3 20. bxc3 g6 21. Bxg6 fxg6
22. Qxg6 {1-0 Buck,L-Schneider,K/Hamburg 1999/EXT 2000 (22)}) 9. cxd5 Nxd5 $146
({RR} 9... cxd5 10. g5 Bxc3 11. Bxc3 Ne4 12. Bb4 Bb7 13. h4 f6 14. Bd3 Kf7 15.
Rg1 a5 16. Ba3 Rc8 17. Qd1 f5 18. Rc1 Rxc1 19. Qxc1 Qc8 20. Qxc8 Rxc8 21. Ke2
Rc7 22. Nd2 Rc8 23. Nb3 Rc6 24. Rc1 h6 25. f3 Ng3+ 26. Kf2 Nh5 27. Bb5 Rxc1 28.
Nxc1 Nb8 29. Nd3 hxg5 30. Ne5+ Kf6 31. Bd6 Na6 32. Be8 g6 33. Bxg6 {
1-0 Agrest,E-Sturua,Z/Elista 1998/CBM 66 ext/[Lutz] (33)}) ({RR} 9... exd5 10.
g5 Ng8 11. Qa4 Bxc3 12. Bxc3 Bb7 13. h4 h6 14. Bh3 Ne7 15. O-O-O hxg5 16. hxg5
Ng6 17. Bf5 Rxh1 18. Rxh1 Ndf8 19. e4 Qd6 20. Re1 Qf4+ 21. Re3 dxe4 22. Bxe4
O-O-O 23. Bxc6 Ne6 24. Qc4 {
Bastidas Rodriguez,E-Bezerra,T/Pan American-ch 1997/EXT 99/1-0 (40)}) 10. Nxd5
Bxd2+ 11. Kxd2 cxd5 12. Bd3 Bb7 13. Rac1 Rc8 14. Qa4 O-O 15. Rxc8 Bxc8 16. Rc1
$16 {From this clearly superior position Rowson goes on to build a
crushing attack.} 16... f5 17. gxf5 exf5 18. Qxa7 f4 19. Qa8 Nf6 20. Ne5 $1 Qe8
21. Rc7 fxe3+ 22. fxe3 Qe6 23. Qa7 Ne8 24. Rc6 Qh3 25. Qe7 Qxh2+ 26. Kc3 Qh3
27. Bxh7+ Qxh7 28. Ng6 1-0

[Event "GBR-ch"]
[Site "Scarborough"]
[Date "2001.08.10"]
[Round "11"]
[White "Turner, Matthew J"]
[Black "Kelly, Brian"]
[Result "1-0"]
[WhiteElo "2511"]
[BlackElo "2458"]
[Annotator "Martin,A"]
[PlyCount "87"]
[EventDate "2001.07.30"]

1. e4 {Notes by IM Andrew Martin} 1... e6 2. d3 c5 3. Nf3 Nc6 4. g3 g6 5. Bg5
Qc7 6. c3 Bg7 7. Na3 a6 8. Bg2 Nge7 9. Qd2 h6 10. Be3 d6 11. O-O Bd7 12. Rac1
$146 ({RR} 12. Rfe1 Rb8 13. d4 cxd4 14. cxd4 Qa5 15. Nc4 Qxd2 16. Nxd6+ Kf8 17.
Bxd2 Nxd4 18. Rac1 Nec6 19. b3 b5 20. Nxd4 Bxd4 21. e5 Nxe5 22. Re4 Bb2 23. Rc2
Ba1 24. Rc1 Bb2 25. Rc2 Ba1 26. Bb4 Nc6 27. Bc5 Kg7 28. Re1 Bf6 29. Ne4 Be7 30.
Bxe7 Nxe7 31. Rc7 Rhd8 32. Nc5 Rbc8 33. Rxd7 Rxd7 34. Nxd7 Rc2 {
1-0 Maksyutov,E-Lizinov,S/Orel 1996/EXT 99 (34)}) 12... Rc8 13. Rfe1 Qb8 14. d4
cxd4 15. cxd4 d5 16. Bf4 Qa7 17. exd5 Nxd5 18. Nc4 O-O 19. Bxh6 Nxd4 20. Bxg7
Nxf3+ 21. Bxf3 Kxg7 22. Bxd5 exd5 23. Qxd5 Be6 24. Qe5+ Kg8 25. Nd6 Rxc1 26.
Rxc1 Rd8 27. h4 Qb6 28. Ne4 Qd4 29. Qg5 Rc8 30. Rxc8+ Bxc8 31. Nc3 {
 A most unpleasant task in the last round when you really needed a win. }
31... Kf8 32. Qd5 Qb6 33. Na4 Qa7 34. Qc5+ Qxc5 35. Nxc5 Ke7 36. Kg2 Kd6 37.
Ne4+ Ke5 38. Kf3 Kd4 39. Kf4 Be6 40. a3 a5 41. Nf6 Kc4 42. g4 $16 Bxg4 43. Nxg4
Kb3 44. Ne5 1-0

[Event "GBR-ch"]
[Site "Scarborough"]
[Date "2001.08.10"]
[Round "11"]
[White "Zhao, Zong-Yuan"]
[Black "Ward, Chris G"]
[Result "0-1"]
[WhiteElo "2359"]
[BlackElo "2493"]
[Annotator "Martin,A"]
[PlyCount "220"]
[EventDate "2001.07.30"]

1. d4 {Notes by IM Andrew Martin} 1... Nf6 2. c4 e6 3. Nf3 c5 4. d5 d6 5. Nc3
exd5 6. cxd5 g6 7. Qa4+ ({RR} 7. h3 Bg7 8. e4 O-O 9. Be3 Re8 10. Nd2 Bd7 11. a4
Na6 12. Be2 Nb4 13. O-O b6 14. Bf3 Bc8 15. Nc4 Ba6 16. b3 Nd7 17. Rc1 Ne5 18.
Nb5 Bxb5 19. axb5 a6 20. Nxe5 Bxe5 21. Be2 Bf6 {
Piket,J-Topalov,V/Monte Carlo 1998/CBM 63 ext/1-0 (45)}) 7... Bd7 $146 ({RR} 
7... Nbd7 8. Bf4 Be7 ({RR} 8... Nh5 9. Bg5 f6 10. Bh4 Kf7 11. e3 a6 12. Be2 b5
13. Qc2 Ng7 14. e4 Be7 15. a3 Rf8 16. O-O Kg8 17. Rae1 Ne5 18. Nd2 c4 19. b3
cxb3 20. Qxb3 Nd7 21. a4 Nc5 22. Qb4 bxa4 23. Nxa4 {
Monterde,R-Ventos Navarro,L/Santa Coloma 1994/EXT 98/1-0 (44)}) 9. e4 O-O 10.
Qc2 Ne8 11. Bd3 Bf6 12. O-O Ne5 13. Nxe5 Bxe5 14. Bxe5 dxe5 15. f4 Qe7 16. Qf2
f6 17. fxe5 fxe5 18. d6 Qxd6 19. Bc4+ Kg7 20. Qxf8+ Qxf8 21. Rxf8 Kxf8 22. Rf1+
{Azmaiparashvili,Z-Zubarev,A/Pula 1999/EXT 2000/1-0 (44)}) 8. Qb3 Qb6 9. e4 Na6
10. Qd1 Bg7 11. Be2 O-O 12. Nd2 Qc7 13. O-O Rab8 14. Re1 Rfe8 15. Bf1 Nh5 16.
h3 c4 17. a4 f5 18. Nxc4 f4 19. e5 dxe5 20. b4 Kh8 21. Bb2 Nxb4 22. Ne4 Rbd8
23. Ned6 Rf8 24. Qd2 a5 25. Rac1 Bxa4 26. Ra1 b5 27. Nxa5 Nc2 28. Ndb7 Nxe1 29.
Rxe1 Rd7 30. d6 Qb6 31. Qd5 Nf6 32. Qxe5 Rxb7 33. Nxb7 Qxb7 34. Qxf4 Qd7 35. g4
g5 36. Qxg5 Qxd6 37. Bxb5 h6 38. Qe5 Qxe5 39. Rxe5 Nd7 40. Bxd7 Bxd7 41. Re2
Bb5 42. Bxg7+ Kxg7 43. Re6 Rf3 44. Kg2 Rc3 45. Rd6 Rc1 46. Re6 Bf1+ 47. Kg3
Rc3+ 48. f3 Bc4 49. Re7+ Bf7 50. Re5 Bg6 51. h4 Kf6 52. Rb5 Be4 53. g5+ hxg5
54. hxg5+ Kg6 55. Kf4 Bxf3 56. Re5 Bh5 57. Re6+ Kf7 58. Rb6 Rf3+ 59. Ke4 Rc3
60. Kf5 Bg6+ 61. Ke5 Rc5+ 62. Kf4 Rc4+ 63. Ke5 Re4+ 64. Kd5 Re1 65. Rb7+ Kg8
66. Kd4 Bf7 67. g6 Bxg6 {
We are about to see why this endgame is so difficult in practice. } 68. Rc7
Bf7 69. Rc3 Kg7 70. Rf3 Ra1 71. Rf2 Ra5 72. Rf1 Be6 73. Rf2 Bf5 74. Rf1 Kf6 75.
Rf2 Ke6 76. Rb2 Rd5+ 77. Kc4 Bd3+ 78. Kc3 Ke5 79. Rb8 Bf5 80. Kc4 Rd4+ 81. Kc3
Be6 82. Rh8 Rc4+ 83. Kd3 Rc6 84. Re8 Ra6 85. Re7 Ra3+ 86. Kd2 Kd6 87. Re8 Bd5
88. Rh8 Ke5 89. Rd8 Kd4 90. Kd1 Ra2 91. Rd7 Ke4 92. Kc1 Rf2 93. Rd8 Bc4 94. Rd7
Bd3 95. Rd8 Ke3 96. Rc8 Kd4 97. Kd1 Bc4 98. Rd8+ Kc3 99. Re8 Rf7 100. Re3+ Bd3
101. Re8 Rf1+ 102. Re1 Rf8 103. Re7 Rf5 104. Re8 Rf7 105. Re6 Bc4 106. Re3+ Kd4
$1 107. Re8 Bd3 $1 108. Rd8+ Ke3 109. Re8+ Be4 $1 {Finally !} 110. Kc1 Rb7
0-1